Una vacuna ¿para qué? / (Record no. 170480)

MARC details
000 -CABECERA
campo de control de longitud fija 00728nam a2200217 a 4500
005 - FECHA Y HORA DE LA ÚLTIMA TRANSACCIÓN
campo de control 20240309063628.0
008 - ELEMENTOS DE LONGITUD FIJA--INFORMACIÓN GENERAL
campo de control de longitud fija 140626s2011 mx r 000 0 spa d
035 ## - NÚMERO DE CONTROL DEL SISTEMA
Número de control de sistema UPN01000198379
049 ## - COLECCIÓN
Colección I
050 #4 - SIGNATURA TOPOGRÁFICA DE LA BIBLIOTECA DEL CONGRESO
Número de clasificación RJ101
Número de documento/Ítem D4.8
100 1# - ASIENTO PRINCIPAL--NOMBRE PERSONAL
Nombre de persona Delaunois, Angèle,
Fechas asociadas al nombre 1946-
9 (RLIN) 35938
245 14 - MENCIÓN DE TÍTULO
Título Una vacuna ¿para qué? /
Mención de responsabilidad, etc. Angèle Delaunois ; il. Francois Thisdale ; tr. Elías Ortiz.
260 ## - PUBLICACIÓN, DISTRIBUCIÓN, ETC.
Lugar de publicación, distribución, etc. México :
Nombre del editor, distribuidor, etc. Petra,
Fecha de publicación, distribución, etc. 2011.
300 ## - DESCRIPCIÓN FÍSICA
Extensión [32] p. :
Otras características físicas il. col.
534 ## - NOTA SOBRE LA VERSIÓN ORIGINAL
Frase introductoria Título original:
Mención de título del original Une vaccine pour qui faire?
650 #0 - ASIENTO SECUNDARIO DE MATERIA - TERMINO TEMATICO
Término de materia o nombre geográfico como elemento de entrada Niños
Subdivisión general Salud e Higiene
Subdivisión de forma Literatura juvenil
9 (RLIN) 22623
650 #4 - ASIENTO SECUNDARIO DE MATERIA - TERMINO TEMATICO
Término de materia o nombre geográfico como elemento de entrada VACUNAS
9 (RLIN) 6419
650 #4 - ASIENTO SECUNDARIO DE MATERIA - TERMINO TEMATICO
Término de materia o nombre geográfico como elemento de entrada NIÑOS -
Subdivisión general ENFERMEDADES -
Subdivisión de forma LITERATURA INFANTIL
9 (RLIN) 21848
905 ## - TIPO DE MATERIAL
Tipo de material Infantil
Holdings
Estado de retiro Estado de pérdida Fuente del sistema de clasificación o colocación Estado dañado No para préstamo Código de colección Localización permanente Ubicación/localización actual Ubicación en estantería Fecha de adquisición Total de préstamos Clasificación Código de barras Fecha visto por última vez Número de copia Tipo de ítem Koha
    Library of Congress Classification     Infantil Bib. Gregorio Torres Quintero Bib. Gregorio Torres Quintero Sala infantil Planta baja 10/05/2023 1 RJ101 D4.8 297693 31/12/2020 1 Libro